Markedness : (Registro nro. 68297)
[ vista simple ]
| 000 -LÍDER | |
|---|---|
| Campo fijo de descripción fija | 01426nab a2200193 i 4500 |
| 001 - NÚMERO DE CONTROL | |
| Campo de control | 768714001 |
| 003 - IDENTIFICADOR DEL NÚMERO DE CONTROL | |
| Campo de control | CO-MdFUSB |
| 005 - FECHA Y HORA DE LA ULTIMA TRANSACCIÓN | |
| control field | 20230419145118.0 |
| 008 - ELEMENTOS DE LONGITUD FIJA -- INFORMACIÓN GENERAL | |
| Campo fijo de descripción fija -- Información general | 221014s2016 -us||||| |||| 00| 0 eng d |
| 040 ## - FUENTE DE CATALOGACIÓN | |
| Idioma de catalogación | eng |
| Agencia que realiza la transcripción | CO-MdFUSB |
| Agencia que realiza la modificación | CO-MdFUSB |
| 041 ## - CÓDIGO DE IDIOMA | |
| Código de idioma para texto/pista de sonido o título separado | eng |
| 100 ## - ASIENTO PRINCIPAL--NOMBRE PERSONAL | |
| Nombre personal | Runge, Steven E. |
| Término relacionador | autor |
| 245 ## - TÍTULO | |
| Título | Markedness : |
| Subtitulo | contrasting porter's model with the linguists cited as suppor |
| Mención de responsabilidad | / Steven E. Runge |
| 300 ## - DESCRIPCIÓN FÍSICA | |
| Extensión | Volumen 26, número 1 (2016), páginas 43 -56 |
| Dimensiones | ; 23 cm |
| 520 ## - NOTA DE RESUMEN, ETC. | |
| Nota de sumario, etc. | El concepto lingüístico de marcado sustenta partes significativas del modelo de "planos de discurso" de Stanley Porter. El trabajo de varios lingüistas se cita regularmente junto con el desarrollo de sus ideas sin que se ofrezcan otros argumentos ni explicaciones, lo que da la impresión de que sus afirmaciones son coherentes con las obras citadas y están respaldadas por ellas. Este artículo compara las afirmaciones de Porter con las que se encuentran en la literatura principal citada y demuestra que sus afirmaciones de marcaje encuentran poco apoyo allí; sin embargo, Porter no ofrece ninguna razón o justificación lingüística para una desviación tan dramática de la metodología lingüística establecida. |
| 653 ## - TÉRMINO DE INDIZACIÓN - NO CONTROLADO | |
| Término no controlado | Lingüística |
| 773 0# - ASIENTO DE ITEM FUENTE | |
| Biblionumber | 68251 |
| Itemnumber | 81345 |
| Otro identificador del ítem | R2129 |
| Título | Bulletin for Biblical research |
| Número de control del registro | (CO-MdFUSB)768714001 |
| Número Internacional Normalizado para Publicaciones Seriadas (ISSN) | 1065-223X |
| Parte(s) relacionada(s) / Volumen., número. (mes año), páginas | Volumen 26, Número 1 (2016), páginas 43 -56 |
| Enumeración y primera página | páginas 43 -56 |
| 942 ## - TIPO DE MATERIAL (KOHA) | |
| Tipo de Item KOHA | Artículos de Revista |
No hay ítems disponibles.
